Responses for Show #8696 - Monday, September 12, 2022

Luigi de Guzman game 2.
First game of Season 39.
Ken Jennings hosts.
Return to a full studio audience.

Contestants

[<< previous game]

Katherine May, a financial institution risk manager from Riverside, Illinois

Tim Faulkner, a paperboy from Kalamazoo, Michigan

Luigi de Guzman, an attorney from Arlington, Virginia (whose 1-day cash winnings total $23,401)

[next game >>]

Jeopardy! Round responses

(Ken: We begin with, in honor of Season 39...)
HERE COMES 39
WORLD CAPITAL RHYME TIME
ALL KINDS OF DOORS
(Ken: We promise.)
WRITERS & THEIR WORKS
CHUMP CHANGE
(Ken: You'll have to make the requested change to the word "chump" in each clue.)
RALPH MACCHIO TALKS COBRA KAI
(Ralph: I'm Ralph Macchio. On Cobra Kai, I'm still Daniel LaRusso, but you'll see how a few things have changed since his Karate Kid days.)
    $200 1
(Katherine: What are the Articles of Confederation?)

the Constitution

TimKatherine
    $200 6
a Budapest test

Luigi
    $200 17
a revolving door

Luigi
    $200 26
Scarlett

Katherine
    $200 10
a champ

Tim
    $200 15
a dojo

Luigi
    $400 2
(Tim: Uh, what is San Diego?)

San Francisco

LuigiTim
    $400 7
a Seoul scroll

Luigi
    $400 18
(Katherine: What is 12 Downing Street?)

10 Downing Street

TimKatherine
    $400 27
The Martian

Luigi
    $400 11
a hump

Tim
    $400 22
the crane

Katherine
    $600 3
(Ken: Yes, Jackie Robinson.)

the Dodgers

Luigi
    $600 8
a Beirut suit

Luigi
    $600 19
Lake Michigan

Katherine
    $600 28
(Ken: Yes, The Godfather.)

Mario Puzo

Luigi
    $600 12
a chime

Tim
    $600 23
wax on, wax off

Luigi
    $800 4
Pomp and Circumstance

Tim
    $800 9
Manila vanilla

Katherine
    $800 20
a trapdoor spider

Luigi
    $4,000 29
pilot

Luigi
    $800 13
(Ken: Yes, and you're out of the hole.)

an ump

Katherine
    $800 24
REO Speedwagon

Tim
    $1000 5
[Ken reads "1 & 2" as "first and second".]
(Katherine: What is Isaiah?)

Samuel

LuigiKatherine
    $1000 16
(Tim: Uh... what is...)

Khartoum gloom

LuigiTim
    $1000 21
China

Luigi
    $1000 30
Langston Hughes

Luigi
    $1000 14
a clamp

Katherine
    $1000 25
(Ken: Our thanks to Ralph Macchio for helping us out with those clues; you can stream all 5 seasons of Cobra Kai on Netflix.)

Mr. Miyagi

Luigi

Scores at the first commercial break (after clue 15):

Luigi Tim Katherine
$3,400 $1,800 $1,400

Scores at the end of the Jeopardy! Round:

Luigi Tim Katherine
$14,000 $2,000 $2,200

Double Jeopardy! Round responses

ON THE ROAD AGAIN
11-LETTER WORDS
DISCOVERIES
CANADIAN HISTORY
FINANCE & INVESTING
THAT'S SO SIR/REEL!
(Ken: You'll have to name the knighted star of each film.)
    $400 6
Fifth Avenue

Katherine
    $400 7
misdemeanor

Luigi
    $400 12
caffeine

Luigi
    $400 21
the Senate

Luigi
    $400 26
NASDAQ

Luigi
    $400 1
Sir Sean Connery

Luigi
    $800 8
the 101

Luigi
    $800 17
(Luigi: What is squash?)

racquetball

Luigi
Triple Stumper
    $4,000 13
asteroids

Luigi
    $800 22
the Northwest Territories

Luigi
    $800 27
(Katherine: What are retirement?)
(Ken: Uh, more specifically?)
(Katherine: Retirement savings accounts? [*]?)
...
[The end-of-round signal sounds.]

IRAs

Katherine
    $800 2
Sir Ian McKellen

Luigi
    $1200 9
Snake Alley

Triple Stumper
    $1200 18
a safecracker

Tim
    $1200 14
the femur

Luigi
    $6,000 23
(Ken: [Prior to the wager] We have less than a minute to play.)
...
(Luigi: What is Hudson's Bay Company?)
(Ken: That's correct, yes. [*].)

Hudson Bay

Luigi
    $1200 3
(Luigi: Who is... [groans] um...)
...
(Ken: [*] as Professor X.)

Sir Patrick Stewart

Luigi
Triple Stumper
    $1600 10
I-10 (Interstate 10)

Triple Stumper
    $1600 19
unsheltered

Triple Stumper
    $1600 15
a geodesic dome

Luigi
    $1600 24
Quebec City

Luigi
    $1600 4
(Luigi: [Uses Cockney accent] Who is [*]?)
(Ken: Good, and the accent.)

Sir Michael Caine

Luigi
    $2000 11
Beale Street

Tim
    $2000 20
demarcation

Luigi
    $2000 16
prions

Luigi
    $2000 25
(Katherine: What are Viking meadows?)

L'Anse aux Meadows

Katherine
Triple Stumper
    $2000 5
Sir Alec Guinness

Luigi

Scores at the end of the Double Jeopardy! Round:

Luigi Tim Katherine
$38,400 $5,200 $1,400
(lock game)

[wagering suggestions for these scores]

Final Jeopardy! Round responses

19th CENTURY NOVELS
(Ken: [To Tim] Famous novel with a bell tower.)
...
(Ken: [After Luigi's 2-day total is revealed] Wow, that's a lot of money, and the season's just getting started. Join us tomorrow.)
KatherineWhat is Don Quixote?
$0
TimWhat is The Hunchback of Notre Dame
$200
LuigiWhat is The Hunchback of Notre Dame?
$4,000
The Hunchback of Notre Dame

Final scores:

Luigi Tim Katherine
$42,400 $5,400 $1,400
2-day champion: $65,801 2nd place: $2,000 3rd place: $1,000

Game dynamics:

Coryat scores:

Luigi Tim Katherine
$27,200 $5,200 $1,400
34 R
(including 3 DDs),
2 W
9 R,
2 W
8 R,
4 W

Combined Coryat: $33,800

[game clues] [game scores] [suggest correction]

Game tape date: 2022-08-02
The J! Archive is created by fans, for fans. Scraping, republication, monetization, and malicious use prohibited; this site may use cookies and collect identifying information. See terms. The Jeopardy! game show and all elements thereof, including but not limited to copyright and trademark thereto, are the property of Jeopardy Productions, Inc. and are protected under law. This website is not affiliated with, sponsored by, or operated by Jeopardy Productions, Inc. Join the discussion at JBoard.tv.